000 00606nam a2200217Ia 4500
003 OSt
005 20220925231039.0
006 a|||||r|||| 00| 0
007 ta
008 220923b |||||||| |||| 00| 0 eng d
037 _cGeneral Book
040 _aRTL
_cRTL
_beng
041 _2eng
_aeng
082 _aX71.252.N83, M3
111 _aUTTAR PRADESH (Govt. of--)
_9294809
245 0 _a1983-84 ke vyay ke vyorevar anuman .
260 _aLucknow
_bGovt. press
_c1983
300 _aVarious Pagination
_ccm.
942 _hX71.252.N83, M3
_cGB
_2CC
999 _c587137
_d587137